| 000 | 00826nam a2200229Ii 4500 | ||
|---|---|---|---|
| 003 | JO-AjNU | ||
| 008 | 230605s9999||||xx |||||||||||||| ||und|| | ||
| 017 | _a1999/10417 | ||
| 020 | _a977-01-6344-9 | ||
| 040 |
_aJO-AjNU _bara _erda _cJO-AjNU |
||
| 041 | _aara | ||
| 050 | 1 | 4 | _aHD9560.9.E3.B36.1999 |
| 100 | 3 |
_aالبنبي، حمدي, _eauthor _936825 |
|
| 245 | 0 | 0 | _aالبترول بين النظرية والتطبيق |
| 264 | 3 | 1 | _aالقاهرة:الهيئة المصرية العامة للكتاب، دار المعارف،1999 |
| 300 | _a198ص | ||
| 336 |
_atext _btxt _2rdacontent |
||
| 337 |
_aunmediated _bn _2rdamedia |
||
| 338 |
_avolume _bnc _2rdacarrier |
||
| 490 | 0 | _aالاعمال العلمية(مهرجان القراءة للجميع 99 مكتبة الاسرة) | |
| 650 | 4 |
_aالبترول _936826 |
|
| 999 |
_aA15334 _c18902 _d18902 |
||